000
00263nam a22001097a 4500
082
_a
028.703
_b
PLA/KE
245
_a
Kerala: Development report
260
_a
New Delhi
_b
Academic Foundation
_c
2008
300
_a
476
700
_a
Planning Commission,GOI
942
_c
BK
999
_c
13809
_d
13809